| 000 | 01155nam2a2200313 4500 | ||
|---|---|---|---|
| 001 | RU\NLR\bibl\297092 | ||
| 005 | 20250620144044.0 | ||
| 010 |
_a5-275-00384-6 _bВ пер. |
||
| 021 |
_aRU _b2002-12050 _9596 |
||
| 035 | _a(NLR Aleph) 000292405 | ||
| 090 |
_a1712297 _c1712297 |
||
| 100 | _a20020812d2001 |||y0rusy50 ca | ||
| 101 | 1 |
_arus _ceng |
|
| 102 | _aRU | ||
| 105 | _ay ||||||||| | ||
| 200 | 1 |
_aЛюси Краун _aДве недели в другом городе _eРоманы _f[Пер. с англ. А. Герасимова] |
|
| 210 |
_d2001 _aБ. м. |
||
| 215 | _a635, [2] с. | ||
| 461 | 0 |
_1001RU\NLR\bibl\252318 _12001#$aСобрание сочинений$vТ. 5 _91447262 _aШоу, И. (1914-1984) _cМ. _d2001 _fИрвин Шоу _nТерра-Кн. клуб _oВ 8 т. _tСобрание сочинений _y5-275-00237-8 _vТ. 5 |
|
| 675 |
_a821.111(73)Шоу2 _v3 _zrus |
||
| 675 |
_a821.111(73)-31 _v3 _zrus |
||
| 686 |
_a17.82 _2rugasnti |
||
| 686 |
_a84(7Сое)-44 _2rubbk |
||
| 801 | 0 |
_aRU _bRKP _c20020812 _gPSBO |
|
| 801 | 1 |
_aRU _bRKP _c20020812 |
|
| 801 | 2 |
_aRU _bNLR _c20020902 _grcr |
|
| 942 | _cBOOK | ||
| 980 | _aNB | ||